Normal view
MARC view
Entry Nombre personal
001 - NÚMERO DE CONTROL
- campo de control: 1011
003 - IDENTIFICADOR DE NÚMERO DE CONTROL
- campo de control: DLC
005 - FECHA Y HORA DE LA ÚLTIMA TRANSACCIÓN
- campo de control: 20260406083543.0
008 - ELEMENTOS DE DATO DE LONGITUD-FIJA
- campo de control de longitud fija: 870924n| acannaab| |a aba
010 ## - NÚMERO DE CONTROL DE LA BIBLIOTECA DEL CONGRESO
- Número de control de LC: n 87130189
040 ## - FUENTE DE CATALOGACIÓN
- Centro catalogador/agencia de origen: DLC
- Lengua de catalogación: eng
- Centro/agencia transcriptor: DLC
- Centro/agencia modificador: DLC
- Centro/agencia modificador: Uk
- Centro/agencia modificador: DLC
100 1# - ENCABEZAMIENTO-NOMBRE DE PERSONA
- Nombre de persona: Sullivan, William
500 1# - TRAZADO DE VÉASE ADEMÁS--NOMBRE DE PERSONA
- Nombre de persona: Sullivan, Bill
670 ## - FUENTE DE DATOS ENCONTRADOS
- Cita de la fuente: [Added entry of Hotel de Coronado]
670 ## - FUENTE DE DATOS ENCONTRADOS
- Cita de la fuente: nuc87-97287: Morrow, T.J. Hotel de Coronado, c1984
- Información encontrada: (hdg. on MH-SD rept.: Sullivan, William; usage: William Sullivan)
670 ## - FUENTE DE DATOS ENCONTRADOS
- Cita de la fuente: [Joint author of Hotel front office simulation]
670 ## - FUENTE DE DATOS ENCONTRADOS
- Cita de la fuente: Hotel front office simulation, c2003:
- Información encontrada: t.p. (William Sullivan) p. ix (Bill Sullivan) back cover (adjunct professor in the School of Hospitality Management at Widener Univ., Pa.) BL AL sent 29 May 2002